| 000 | 00433nam a2200181Ia 4500 | ||
|---|---|---|---|
| 008 | 180207s9999 xx 000 0 und d | ||
| 020 | _a439164249 | ||
| 050 | _bT365 1982 | ||
| 100 | _aThaler, Mike | ||
| 245 | _aOwly / | ||
| 245 | _cMike Thaler ; pictures by David Wiesner. | ||
| 260 | _aNew York : | ||
| 260 | _bScholastic, | ||
| 260 | _c1982 | ||
| 300 | _aunpaged : | ||
| 300 | _bcolor illustration ; | ||
| 300 | _c20cm. | ||
| 999 |
_c355415 _d355415 |
||